Embodied communities (Record no. 53883)

MARC details
000 -LEADER
fixed length control field 02160nam a2200409 a 4500
001 - CONTROL NUMBER
control field vtls003208765
003 - CONTROL NUMBER IDENTIFIER
control field MY-SjTCS
005 - DATE AND TIME OF LATEST TRANSACTION
control field 20200306165233.0
006 - FIXED-LENGTH DATA ELEMENTS--ADDITIONAL MATERIAL CHARACTERISTICS
fixed length control field m u
007 - PHYSICAL DESCRIPTION FIXED FIELD--GENERAL INFORMATION
fixed length control field cr cn|||||||||
008 - FIXED-LENGTH DATA ELEMENTS--GENERAL INFORMATION
fixed length control field 100906s2008 nyuab sb 001 0 eng
010 ## - LIBRARY OF CONGRESS CONTROL NUMBER
Canceled/invalid LC control number 2008-026236
020 ## - INTERNATIONAL STANDARD BOOK NUMBER
Canceled/invalid ISBN 9781845455217
020 ## - INTERNATIONAL STANDARD BOOK NUMBER
Canceled/invalid ISBN 1845455215
035 ## - SYSTEM CONTROL NUMBER
System control number (CaPaEBR)ebr10394308
039 #9 - LEVEL OF BIBLIOGRAPHIC CONTROL AND CODING DETAIL [OBSOLETE]
Level of rules in bibliographic description 201208101004
Level of effort used to assign nonsubject heading access points stazrina
-- 201009061449
-- VLOAD
040 ## - CATALOGING SOURCE
Original cataloging agency CaPaEBR
Transcribing agency CaPaEBR
043 ## - GEOGRAPHIC AREA CODE
Geographic area code a-io---
050 14 - LIBRARY OF CONGRESS CALL NUMBER
Classification number GV1703.I532
Item number J3836 2008eb
082 04 - DEWEY DECIMAL CLASSIFICATION NUMBER
Classification number 793.3/195982
Edition number 22
100 1# - MAIN ENTRY--PERSONAL NAME
Personal name Hughes-Freeland, Felicia,
Dates associated with a name 1954-
9 (RLIN) 262298
245 10 - TITLE STATEMENT
Title Embodied communities
Medium [electronic resource] :
Remainder of title dance traditions and change in Java /
Statement of responsibility, etc. Felicia Hughes-Freeland.
260 ## - PUBLICATION, DISTRIBUTION, ETC.
Place of publication, distribution, etc. New York :
Name of publisher, distributor, etc. Berghahn Books,
Date of publication, distribution, etc. 2008.
300 ## - PHYSICAL DESCRIPTION
Extent xiii, 286 p. :
Other physical details ill., maps ;
Dimensions 24 cm.
440 #0 - SERIES STATEMENT/ADDED ENTRY--TITLE
Title Dance and performance studies ;
Volume/sequential designation v. 2
9 (RLIN) 262299
504 ## - BIBLIOGRAPHY, ETC. NOTE
Bibliography, etc. note Includes bibliographical references (p. [260]-276) and index.
505 0# - FORMATTED CONTENTS NOTE
Formatted contents note Introduction: Dance, culture and embodiment -- Before the nation : the heyday of court dance -- From colony to nation : dance in the reign of Haměngkubuwana IX (1940-1988) -- Embodying culture : dance as education -- Performance and symbolism : Bědhaya and the poetics of power -- The art of dancing : Joged Mataram -- Changing styles of patronage : tourism and commoditization -- Conclusion: Embodied communities in the nation state.
529 ## -
-- TSLHHL
533 ## - REPRODUCTION NOTE
Type of reproduction Electronic reproduction.
Place of reproduction Palo Alto, Calif. :
Agency responsible for reproduction ebrary,
Date of reproduction 2010.
Note about reproduction Available via World Wide Web.
-- Access may be limited to ebrary affiliated libraries.
650 #0 - SUBJECT ADDED ENTRY--TOPICAL TERM
Topical term or geographic name entry element Dance
Geographic subdivision Indonesia
-- Java.
9 (RLIN) 262300
650 #0 - SUBJECT ADDED ENTRY--TOPICAL TERM
Topical term or geographic name entry element Court dances
Geographic subdivision Indonesia
-- Java.
9 (RLIN) 262301
650 #0 - SUBJECT ADDED ENTRY--TOPICAL TERM
Topical term or geographic name entry element Social change
Geographic subdivision Indonesia
-- Java.
9 (RLIN) 262302
651 #0 - SUBJECT ADDED ENTRY--GEOGRAPHIC NAME
Geographic name Java (Indonesia)
General subdivision Social life and customs.
9 (RLIN) 262303
655 #7 - INDEX TERM--GENRE/FORM
Genre/form data or focus term Electronic books.
Source of term local
9 (RLIN) 201578
710 2# - ADDED ENTRY--CORPORATE NAME
Corporate name or jurisdiction name as entry element ebrary, Inc.
9 (RLIN) 25628
856 40 - ELECTRONIC LOCATION AND ACCESS
Uniform Resource Identifier https://ezproxy.taylors.edu.my/login?url=http://site.ebrary.com/lib/alltitles/docDetail.action?docID=10394308&p00=embodied%20communities
Public note An electronic book accessible through the World Wide Web; click to view
Holdings
Withdrawn status Lost status Damaged status Not for loan Home library Current library Date acquired Total Checkouts Date last seen Price effective from Koha item type
      e-book Taylor's Library-TU Taylor's Library-TU 07/02/2020   07/02/2020 07/02/2020 E-Book